48 races de chats - Statistiques

Statistiques générales
  • Ce quiz a été pris 48 fois
  • Le résultat moyen est 7 sur 48
Statistiques - réponses
Par images Réponse % Correct
Bengal
75%
Maine coon
75%
Sphynx
72%
Thaï
67%
Chartreux
44%
British Shortair
31%
Siamois
31%
Ragdoll
25%
Sacré de Birmanie
22%
Savannah
22%
Scottish Fold
22%
Abyssin
17%
American Curl
17%
Bombay
17%
Norvégien
17%
Sibérien
17%
Munchkin
14%
Persan
14%
Exotic Shorthair
11%
Oriental
8%
Somali
8%
Angora Turc
6%
Korat
6%
Manx
6%
Mau Egyptien
6%
Céleste
3%
Devon Rex
3%
Donskoy
3%
Russe
3%
Selkirk Rex
3%
American Shorthair
0%
Balinais
0%
Burmese Américain
0%
Burmese Anglais
0%
Burmilla
0%
Cornish Rex
0%
Highland Fold
0%
Kurilian Bobtail
0%
Lykoï
0%
Mandarin
0%
Nebelung
0%
Peterbald
0%
Pixie Bob
0%
Singapura
0%
Snowshoe
0%
Tokinois
0%
Toyger
0%
Turc du Lac de Van
0%
Aucun quiz correspondant
Distribution des résultats
% des personnes avec chaque résultat
Percentile par nombre de réponses
Votre historique - résultats
Vous n’avez pas pris ce quiz